| 000 | 00710nam a2200241 a 4500 | ||
|---|---|---|---|
| 999 |
_c12038 _d12038 |
||
| 001 | 12038 | ||
| 003 | BD-JhCC | ||
| 005 | 20210309094619.0 | ||
| 008 | 210308b20042017bg a|||| ||a| 000 0 mul d | ||
| 020 | _a9847027700633 | ||
| 035 | _a(BD-JhCC)12038 | ||
| 040 |
_aBD-JhCC _dBD-JhCC |
||
| 041 | _amul | ||
| 082 |
_a652.5 _bASH 2017 |
||
| 100 | _aAsraf, Bappi | ||
| 245 |
_aমাস্টারিং মাইক্রোসফট ওয়ার্ড / _cBappi Ashraf |
||
| 260 |
_aঢাকা : _bজ্ঞানকোষ প্রকাশনী; _c২০১৭. |
||
| 300 |
_a464 p, : _bill _c24 cm. |
||
| 650 | _aMicrosoft Word | ||
| 650 | _aWord processing | ||
| 942 |
_2ddc _cBK |
||